| 000 | 00430nam a22001697a 4500 | ||
|---|---|---|---|
| 999 |
_c3955 _d3912 |
||
| 008 | 191023b ||||| |||| 00| p eng d | ||
| 020 | _a9754186634 | ||
| 041 | _atur | ||
| 050 | _aPL248.D84 | ||
| 100 |
_9329 _a Durbaş, Refik |
||
| 245 | _a Şimdi Haberler : Şiir | ||
| 250 | _a1.Basım | ||
| 260 |
_aİstanbul: _bAdam Yayınları, _cEylül 2001 |
||
| 300 | _a109 Sayfa | ||
| 650 | 0 |
_9145 _aTürk Edebiyatı |
|
| 942 |
_2lcc _cBK |
||